=O voo de Ícaro (Record no. 13784)

MARC details
000 -LÍDER
campo de controle de tamanho fixo 00361 a2200169 4500
001 - NÚMERO DE CONTROLE
campo de controle 13784
020 ## - ISBN - INTERNATIONAL STANDARD BOOK NUMBER
ISBN - International Standard Book Number 9788526264601
040 ## - FONTE DA CATALOGAÇÃO
Instituição que transcreveu o registro Anchieta - Aquarius
100 ## - ENTRADA PRINCIPAL--NOME PESSOAL
Nome pessoal Guasco, Luiz
240 10 - TÍTULO UNIFORME
Título uniforme =O voo de Ícaro
Idioma da obra por
245 10 - TÍTULO
Título =O voo de Ícaro
300 ## - DESCRIÇÃO FÍSICA
Extensão 40
362 0# - DATAS DE PUBLICAÇÃO E/OU DESIGNAÇÃO SEQUENCIAL
Datas de publicação e/ou designação sequencial 2015
440 #1 - DECLARAÇÃO DE SÉRIE/ENTRADA ADICIONADA--TÍTULO
Título Scipione
650 #4 - ASSUNTO--TERMO TÓPICO
Cabeçalho tópico ou nome geográfico Literatura brasileira
942 ## - ELEMENTOS DE ENTRADA ADICIONADOS (KOHA)
Tipo de material Koha Livros
Holdings
Situação do descarte Situação das perdas Situação física Não pode ser emprestado Biblioteca de origem Biblioteca atual Data de aquisição Total de empréstimos Número de chamada completo Código de barras Data de último acesso Data do preço efetivo Tipo de material Koha Fonte da classificação ou esquema de arquivamento na estante Nota pública
        Colégio Anchieta - Aquarius Colégio Anchieta - Aquarius 21/11/2023   869.93 GUA OVO 5314/AQU 21/11/2023 21/11/2023 Livros    
        Colégio Anchieta - Bela Vista Colégio Anchieta - Bela Vista 21/11/2023   LJ 028.5 G917v GUA VOO 3219/BEL 21/11/2023 21/11/2023 Livros    
        Colégio Anchieta - Bela Vista Colégio Anchieta - Bela Vista 21/11/2023   LJ 028.5 G917v GUA VOO 3220/BEL 21/11/2023 21/11/2023 Livros    
        Colégio São Paulo Colégio São Paulo 21/11/2023   028.5 VOO 2311/ITA 21/11/2023 21/11/2023 Livros    
        Colégio São Paulo Colégio São Paulo 21/11/2023   028.5 VOO 2312/ITA 21/11/2023 21/11/2023 Livros    
        Colégio São Paulo Colégio São Paulo 22/11/2023   LJ 028.5 G917o 744/CSP 22/11/2023 22/11/2023 Livros    
        Colégio São Paulo Colégio São Paulo 22/11/2023   LJ 028.5 G917o 745/CSP 22/11/2023 22/11/2023 Livros    
        Colégio São Paulo Colégio São Paulo 22/11/2023   LJ 028.5 G917o 746/CSP 22/11/2023 22/11/2023 Livros    
        Leonardo Da Vinci - Alphaville 2 Leonardo Da Vinci - Alphaville 2 27/03/2024   028.5 G951v 2A269 27/03/2024 27/03/2024 Livros    
        Novo Tempo - Aureliano São José Novo Tempo - Aureliano São José 04/07/2024     if719 04/07/2024 04/07/2024 Livros Classificação Decimal de Dewey O